The consumption-enhancing effect of remittances: Evidence from Kosovo (Record no. 8781)

MARC details
000 -LEADER
fixed length control field 01656nam a22003017u 4500
001 - CONTROL NUMBER
control field pwiiw3179
003 - CONTROL NUMBER IDENTIFIER
control field OSt
005 - DATE AND TIME OF LATEST TRANSACTION
control field 20260516120107.0
008 - FIXED-LENGTH DATA ELEMENTS--GENERAL INFORMATION
fixed length control field 130126t2013 au ||||| |||| 00| ||eng d
040 ## - CATALOGING SOURCE
Transcribing agency OSt
041 ## - LANGUAGE CODE
Language code of text/sound track or separate title eng
084 ## - OTHER CLASSIFICATION NUMBER
Classification number I32
-- D12
Number source jelc
100 1# - MAIN ENTRY--PERSONAL NAME
Personal name Duval, Laetitia
245 10 - TITLE STATEMENT
Title The consumption-enhancing effect of remittances: Evidence from Kosovo
260 ## - PUBLICATION, DISTRIBUTION, ETC.
Place of publication, distribution, etc. Wien :
Name of publisher, distributor, etc. Wiener Institut für Internationale Wirtschaftsvergleiche (wiiw),
Date of publication, distribution, etc. 2013.
490 1# - SERIES STATEMENT
Series statement wiiw Balkan Observatory Working Papers
Volume/sequential designation 107
520 ## - SUMMARY, ETC.
Summary, etc. In this paper, we study the effect of remittances on the living standard of families living in Kosovo using detailed data conducted in 2010 on a sample of 4,000 households. Specifically, we focus on the impact of these transfers on welfare proxied by per capita consumption expenditure at various locations of the consumption distribution. Drawing on quantile regressions, we find that remittances significantly improve the living standard of the recipient households. The benefit of remittances is much higher among households characterized by low levels of consumption, especially when the possible endogeneity of remittances is taken into account in the estimation. Finally, we show that the positive impact of remittances on consumption has remained constant between 2000 and 2010.
650 ## - SUBJECT ADDED ENTRY--TOPICAL TERM
Topical term or geographic name entry element Remittances
650 ## - SUBJECT ADDED ENTRY--TOPICAL TERM
Topical term or geographic name entry element consumption
650 ## - SUBJECT ADDED ENTRY--TOPICAL TERM
Topical term or geographic name entry element poverty
650 ## - SUBJECT ADDED ENTRY--TOPICAL TERM
Topical term or geographic name entry element inequality
650 ## - SUBJECT ADDED ENTRY--TOPICAL TERM
Topical term or geographic name entry element Kosovo
651 ## - SUBJECT ADDED ENTRY--GEOGRAPHIC NAME
Geographic name Kosovo
700 1# - ADDED ENTRY--PERSONAL NAME
Personal name Wolff, François-Charles
830 #0 - SERIES ADDED ENTRY--UNIFORM TITLE
Volume/sequential designation 107
Bibliographic record control number WIIW0000140
Title of a work wiiw Balkan Observatory Working Papers
856 40 - ELECTRONIC LOCATION AND ACCESS
Uniform Resource Identifier <a href="https://wiiw.ac.at/p-3179.html">https://wiiw.ac.at/p-3179.html</a>
942 ## - ADDED ENTRY ELEMENTS (KOHA)
Koha item type Paper
Source of classification or shelving scheme Other/Generic Classification Scheme
Holdings
Withdrawn status Lost status Damaged status Not for loan Home library Current library Shelving location Date acquired Inventory number Total Checkouts Full call number Barcode Date last seen Price effective from Koha item type
        WIIW WIIW Library 01/26/2013 pwiiw3179   107 1000010003179 01/26/2013 02/05/2019 Paper
The Vienna Instiute for International Economic Studies (wiiw)